| 000 | 01278nam a2200325 i 4500 | ||
|---|---|---|---|
| 001 | ebr10775335 | ||
| 003 | CaPaEBR | ||
| 006 | m o d | ||
| 007 | cr cn||||||||| | ||
| 008 | 111102s2013 cm o 000 0 eng d | ||
| 020 | _a9789956791262 (e-book) | ||
| 020 | _z9789956791132 | ||
| 040 |
_aCaPaEBR _beng _erda _epn _cCaPaEBR |
||
| 035 | _a(OCoLC)867740827 | ||
| 050 | 1 | 4 |
_aPR9372.9.D55 _bS55 2013eb |
| 100 | 1 |
_aDiki, Basil, _d1971- |
|
| 245 | 1 | 4 |
_aThe shirburnian catastrophe / _cBasil Diki. |
| 264 | 1 |
_aBamenda, Cameroon : _bLangaa Research & Publishing CIG, _c2013. |
|
| 300 | _a1 online resource (196 pages) | ||
| 336 |
_atext _2rdacontent |
||
| 337 |
_acomputer _2rdamedia |
||
| 338 |
_aonline resource _2rdacarrier |
||
| 588 | _aDescription based on online resource; title from PDF title page (ebrary, viewed October 24, 2013). | ||
| 590 | _aElectronic reproduction. Palo Alto, Calif. : ebrary, 2013. Available via World Wide Web. Access may be limited to ebrary affiliated libraries. | ||
| 650 | 0 | _aCameroonian drama. | |
| 650 | 0 | _aCameroonian literature. | |
| 655 | 0 | _aElectronic books. | |
| 797 | 2 | _aebrary. | |
| 856 | 4 | 0 |
_uhttp://site.ebrary.com/lib/rucke/Doc?id=10775335 _zAn electronic book accessible through the World Wide Web; click to view |
| 999 |
_c130959 _d130959 |
||